000 nam a22 7a 4500
999 _c3078
_d3078
005 20170519110747.0
008 170519b2000 enk||||| |||| 00| 0 eng d
020 _a0724805087 (pbk.) :
_cNo price
040 _aAKMAL
082 _a658.3 DWY
090 _a658.3
_bDWY
100 1 _aDwyer, Judith.
_96389
245 1 4 _aThe business communication handbook /
_cJudith Dwyer
250 _a5th ed.
260 _a Frenchs Forest, N.S.W. ;
_a[Great Britain] :
_b Prentice Hall,
_cc2000.
300 _axiv, 442 p. :
_bill. ;
_c25 cm
500 _aPrevious ed.: 1997.
504 _aIncludes bibliographical references and index.
650 0 _aBusiness communication.
_91235
942 _2ddc
_cBOOK